00724nam a2200181 a 450000100100000000500170001000800410002702000180006804000250008608200210011110000470013224500910017925000120027026000950028230000280037795201200040599900170052500003560820200930074453.0111105s2008 bl a 000 0 spa d a9788599508060 aDO-SdBNPbspacBNPHU axxxbA848m, 20081 aBarbosa, Francisco de Assis,d1914-96151210aMachado de assis em miniatura :bum perfil biográfico /cFrancisco de Assis Barbosa. a2a. ed. aBrasília, DF :bMinistério da Cultura, Fundação Biblioteca NacionalbBatel,c2008. a110 p. :bil. ;c21 cm. 0010507-18MOaGRbGRcOId2011-11-05iLF1l0oxxx A848m, 2008p35608-10r2020-06-25w2020-06-25y1ZNo se presta c35099d35099